000 00458nam a2200169Ia 4500
003 GCL
008 140319s9999 xx 000 0 ara d
040 _aGCL /
_cGCL
082 0 4 _a812.05
_bك ل
100 1 _aلينين الرملى
245 1 0 _aالكلمة الان للدفاع /
_cلينين الرملى
300 _a145 ص
490 _aكتاب
_v0
650 0 4 _aالادب العربى
650 0 4 _aالمسرح العربى
942 _2ddc
_cBK
999 _c42148
_d42148